| 000 | 01048cam a2200277 i 4500 | ||
|---|---|---|---|
| 001 | 18759537 | ||
| 005 | 20221120120526.0 | ||
| 008 | 150825s2016 enk b 001 0 eng d | ||
| 010 | _a 2015950298 | ||
| 020 | _a9781785360169 | ||
| 035 | _a(OCoLC)ocn933723027 | ||
| 040 |
_aBTCTA _beng _erda _cBTCTA _dOCLCQ _dYDXCP _dCDX _dLUL _dOCLCQ _dDLC |
||
| 042 | _alccopycat | ||
| 050 | 0 | 0 |
_aKZ1301 _b.K66 2016 |
| 082 | 0 | 4 |
_a341.4 _bKOL |
| 100 | 1 |
_aKolb, Robert, _eauthor. _994082 |
|
| 245 | 1 | 4 |
_aThe law of treaties : _ban introduction / _cRobert Kolb, Professor of Public International Law, University of Geneva, Switzerland. |
| 264 | 1 |
_aCheltenham, UK : _bEdward Elgar Publishing, _c[2016] |
|
| 300 |
_ax, 296 pages ; _c23 cm |
||
| 504 | _aIncludes bibliographical references (pages 273-282) and index. | ||
| 650 | 0 |
_aTreaties. _9103177 |
|
| 650 | 0 | _aInternational law. | |
| 906 |
_a7 _bcbc _ccopycat _d2 _eepcn _f20 _gy-gencatlg |
||
| 942 |
_2ddc _cBK |
||
| 999 |
_c592436 _d592436 |
||